El entierro del ciempiés / (Registro nro. 7324)

Detalles MARC
000 -LIDER
fixed length control field 00569nam a2200205 a 4500
001 - NÚMERO DE CONTROL
Identificador de número de control 000003304
003 - IDENTIFICACDOR DE NÚMERO DE CONTROL
control field DO-SdBNP
005 - DATE AND TIME OF LATEST TRANSACTION
control field 20180323142153.0
007 - CAMPOS FIJOS DE DESCRIPCIÓN FÍSICA
fixed length control field 000003304
008 - ELEMENTOS DE LONGITUD FIJA
fixed length control field 090707s2009 dr af 000 0 spa d
020 ## - ISBN
International Standard Book Number 9789945001723
040 ## - FUENTE DE CATALOGACIÓN
Agencia que crea de manera original el registro BPMET
Idioma de catalogación spa
Agencia que realiza la transcripción BPMET
100 1# - ASIENTO PRINCIPAL -- NOMBRE PERSONAL
Nombre personal Phipps, Miguel
245 13 - MENCIÓN DE TITULO
Título El entierro del ciempiés /
Mención de responsabilidad Miguel Phipps.
260 ## - PUBLICACIÓN, DISTRIBUCIÓN, ETC. (PIE DE IMPRENTA)
Lugar de publicación, distribución, etc Santo Domingo :
Nombre del editor, distribuidor, etc. Corripio,
Fecha de publicación, distribución, etc 2009.
300 ## - DESCRIPCIÓN FÍSICA
Extensión 20 p. :
Otros detalles físicos il. ;
Dimensiones 29 cm.
942 ## - ADDED ENTRY ELEMENTS (KOHA)
Source of classification or shelving scheme Dewey Decimal Classification
Koha item type Libros
945 ## - INFORMACIÓN DE PROCESAMIENTO LOCAL
Información de procesamiento local Remanejado para la BNPHU / 2018 VM
956 ## - LOCAL ELECTRONIC LOCATION AND ACCESS (OCLC)
Nombre de host VMATEO
Número de acceso 10
Información de compresión 20140627
Inicio de sesión BPMSU
Procesador de solicitud 0069
Existencias
Withdrawn status Lost status Source of classification or shelving scheme Damaged status Not for loan Collection code Home library Current library Date acquired Total Checkouts Barcode Date last seen Price effective from Koha item type Copy number
    Dewey Decimal Classification     Colección Infantil Dominicana Biblioteca Pública Metropolitana Salomé Ureña Biblioteca Pública Metropolitana Salomé Ureña 02/03/2015   BPMSU15041025 02/03/2015 02/03/2015 Libros  
    Dewey Decimal Classification     Colección Infantil Dominicana Biblioteca Pública Metropolitana Salomé Ureña Biblioteca Pública Metropolitana Salomé Ureña 02/03/2015   BPMET15041026 02/03/2015 02/03/2015 Libros e. 2